Quick Pick: '60s TV Shows Quiz Stats

Quiz Updated Oct 6, 2016

Challenge
Share
Tweet
Embed
Score 0/10 Timer 01:00
0 Plays Today
% Correct
Batman
97.5%
The Flintstones
96.7%
Star Trek
95.9%
The Beverly Hillbillies
93.8%
Hogan's Heroes
91.3%
Gilligan's Island
83.4%
Bewitched
75.4%
I Dream of Jeannie
74.2%
Thunderbirds
65%
Days of Our Lives
58.9%

Today's Daily Dose

You're not logged in!

Compare scores with friends on all Sporcle quizzes.
Join for Free
OR
Log In

You Might Also Like...

Show Comments

Extras

Top Quizzes Today


Score Distribution

Your Account Isn't Verified!

In order to create a playlist on Sporcle, you need to verify the email address you used during registration. Go to your Sporcle Settings to finish the process.

Report this User

Report this user for behavior that violates our Community Guidelines.

Details: